Recull de termes: Gestió del personal universitari (Registre núm. 69287)
[ vista simple ]
| 000 -LEADER | |
|---|---|
| campo de control de longitud fija | 00844amm a2200265 4500 |
| 005 - FECHA Y HORA DE LA ÚLTIMA TRANSACCIÓN | |
| campo de control | 20250519150245.0 |
| 007 - CAMPO FIJO DE DESCRIPCIÓN FÍSICA--INFORMACIÓN GENERAL | |
| campo de control de longitud fija | cr |||||||| |
| 008 - DATOS DE LONGITUD FIJA--INFORMACIÓN GENERAL | |
| campo de control de longitud fija | 250519s2019 o d cat d |
| 041 ## - CÓDIGO DE IDIOMA | |
| Código de lengua del texto/banda sonora o título independiente | cat |
| 041 ## - CÓDIGO DE IDIOMA | |
| Llengües tractades | eng |
| 041 ## - CÓDIGO DE IDIOMA | |
| Llengües tractades | spa |
| 245 ## - MENCIÓN DEL TÍTULO | |
| Título | Recull de termes: Gestió del personal universitari |
| Medio | [en línia] |
| 260 ## - PUBLICACIÓN, DISTRIBUCIÓN, ETC. | |
| Lugar de publicación, distribución, etc. | Barcelona |
| Nombre del editor, distribuidor, etc. | Universitat Politècnica de Catalunya. Servei de Llengües i Terminologia |
| Fecha de publicación, distribución, etc. | 2019 |
| 300 ## - DESCRIPCIÓN FÍSICA | |
| Extensión | 10 p. |
| 520 ## - RESUMEN, ETC. | |
| Nombre de termes | 160 |
| 592 ## - Tipus obra | |
| Tipus d'obra | Obra terminològica |
| 593 ## - Codi CGAT | |
| Codi de la CGAT | RR |
| 593 ## - Codi CGAT | |
| Codi de la CGAT | NPA |
| 650 #0 - PUNTO DE ACCESO ADICIONAL DE MATERIA--TÉRMINO DE MATERIA | |
| Término de materia o nombre geográfico como elemento de entrada | universitats |
| 9 (RLIN) | 62340 |
| 650 #0 - PUNTO DE ACCESO ADICIONAL DE MATERIA--TÉRMINO DE MATERIA | |
| Término de materia o nombre geográfico como elemento de entrada | administració educativa |
| 9 (RLIN) | 61312 |
| 650 #0 - PUNTO DE ACCESO ADICIONAL DE MATERIA--TÉRMINO DE MATERIA | |
| Término de materia o nombre geográfico como elemento de entrada | recursos humans |
| 9 (RLIN) | 65292 |
| 856 ## - LOCALIZACIÓN Y ACCESO ELECTRÓNICOS | |
| Identificador Uniforme de Recursos | <a href="https://www.upc.edu/slt/ca/redaccio-i-comunicacio/terminologia-upc/vocabularis/gestio-personal-universitari.pdf">https://www.upc.edu/slt/ca/redaccio-i-comunicacio/terminologia-upc/vocabularis/gestio-personal-universitari.pdf</a> |
| 942 ## - ELEMENTOS DE ENTRADA SECUNDARIOS (KOHA) | |
| Tipo de ítem Koha | Monografia |
| Suprimir en OPAC | No |
| Fuente del sistema de clasificación o colocación | Clasificación Decimal Dewey |
| Estatus retirado | Estado de pérdida | Estado de daño | No para préstamo | Biblioteca de origen | Biblioteca actual | Fecha de adquisición | Total de préstamos | Signatura topográfica completa | Visto por última vez | Identificador Uniforme de Recursos | Precio de reemplazo | Tipo de ítem Koha |
|---|---|---|---|---|---|---|---|---|---|---|---|---|
| Termcat | Termcat | 19/05/2025 | Biblioteca electrònica | 19/05/2025 | https://www.upc.edu/slt/ca/redaccio-i-comunicacio/terminologia-upc/vocabularis/gestio-personal-universitari.pdf | 19/05/2025 | MO |